000 00469nam a2200133Ia 4500
005 20260209120134.0
008 260209s9999||||xx |||||||||||||| ||und||
100 _aRasika Ganesh Waskar
245 0 _aContracts agreements in corporate financial transactions
260 _aBangaloreBangalore
_bNLSIU
_c2014
300 _a97 p. ; 25 cm.
700 _aProf. (Dr.) Sairam Bhat - GuideProf. (Dr.) Sairam Bhat - Guide
856 _uhttps://dans.nls.ac.in/handle/123456789/1784
999 _c217177
_d217177